Statistics for Jesus Walks - Kanye West Lyrics

Click here to take the quiz!

General Stats

  • This quiz has been taken 732 times
  • The average score is 241 of 499

Answer Stats

Answer% Correct
jesus
99%
Jesus
99%
walk
99%
me
95%
the
95%
a
93%
i
91%
go
88%
do
85%
we
82%
with
82%
be
79%
God
79%
god
79%
try
78%
devil's
76%
down
75%
show
75%
to
75%
walks
74%
way
74%
you
72%
is
69%
break
68%
of
67%
and
66%
so
66%
because
63%
who
62%
know
61%
tryna
61%
but
59%
at
58%
in
55%
what
55%
my
53%
war
53%
all
51%
now
51%
young
51%
kanye
50%
racism
50%
midwest
49%
ourselves
49%
restless
49%
west
49%
for
48%
most
48%
terrorism
48%
he
47%
your
47%
cause
45%
necklace
44%
these
44%
might
43%
snatch
43%
tell
43%
next
42%
valley
42%
where
42%
death
41%
get
41%
through
41%
somebody
40%
it
38%
us
38%
don't
37%
lexus
37%
say
37%
ye
37%
that
36%
drug
35%
feet
35%
when
35%
aint
34%
ain't
34%
then
34%
they
34%
breathless
33%
can
33%
jack
33%
shit
33%
Shit
33%
talk
33%
i'm
32%
them
31%
will
31%
catch
30%
dealers
30%
got
30%
hear
30%
hustlers
30%
leave
30%
like
30%
eat
29%
hard
29%
pieces
29%
yeah
29%
breakfast
28%
fail
28%
floor
28%
only
28%
chi
27%
kinda
27%
top
27%
about
26%
huh
26%
long
26%
pray
26%
alone
25%
by
25%
mama
25%
yall
25%
askin
24%
killers
24%
view
24%
act
23%
fool
23%
going
23%
its
23%
well
23%
whats
23%
arrest
22%
basis
22%
questions
22%
rap
22%
won't
22%
cases
21%
harass
21%
saying
21%
suits
21%
choked
20%
from
20%
move
20%
packs
20%
played
20%
check
19%
hope
19%
save
19%
spoke
19%
even
18%
getting
18%
gone
18%
here
18%
if
18%
ill
18%
november
18%
right
18%
wrongs
18%
bring
17%
car
17%
nowhere
17%
thing
17%
wanna
17%
afraid
16%
hell
16%
need
16%
out
16%
sex
16%
think
16%
til
16%
take
15%
anything
13%
coke
13%
detectives
13%
full
13%
method
13%
nothin
13%
trunk
13%
used
13%
want
13%
avis
12%
devil's
12%
except
12%
rental
12%
see
12%
this
12%
club
11%
into
11%
Lee
11%
victims
11%
believers
10%
clearly
10%
his
10%
or
10%
radio
10%
school
10%
screamin
10%
there's
10%
welfare
10%
everybody
9%
facial
9%
guns
9%
just
9%
livin
9%
more
9%
rappers
9%
scrippers
9%
sins
9%
atheists
8%
features
8%
models
8%
nothing
8%
role
8%
time
8%
videotape
8%
weary
8%
argue
7%
away
7%
convert
7%
we're
7%
day
6%
extinct
6%
lies
6%
means
6%
single
6%
teachers
6%
that's
6%
ends
5%
nearly
5%
needs
5%
almost
4%
dreamin
4%
feel
4%
Kathie
4%
Regis
4%
thee
4%
beause
3%
dawg
3%
needed
3%
recorc
1%
murdererd
0%

Score Distribution

Percentile by Number Answered

Percent of People with Each Score

Your Score History

You have not taken this quiz